Statistics for European Flag Descriptions

Click here to take the quiz!

General Stats

  • This quiz has been taken 84 times
  • The average score is 12 of 15

Answer Stats

HintAnswer% Correct
Red, white, blue, verticalFrance
95%
Black, yellow, red, verticalBelgium
94%
Red, white, blue, horizontal, checkered symbol in the middleCroatia
88%
Red with a black eagle with two headsAlbania
86%
A white Cross on a red backroundSwitzerland
84%
Red, with a white stripe in the middleAustria
83%
Blue Cross with a white outline on a red backgroundNorway
83%
A red background with a white CrossDenmark
79%
Red, white, green, horizontal stripesHungary
79%
Green, white, golden, verticalRepublic of Ireland
79%
Dark red with a white stripe in the middle, horizontalLatvia
78%
White, blue,black , horizontalEstonia
77%
White, green , red, horizontalBulgaria
74%
Blue and white stripes with a small cross in the cornerGreece
73%
Blue with a golden triangle and white stars on the outside of itBosnia and Herzegovina
65%

Score Distribution

Percentile by Number Answered

Percent of People with Each Score

Your Score History

You have not taken this quiz